000
00239nam a22000857a 4500
008
160711b xxu||||| |||| 00| 0 eng d
100
_9
2605
_a
Dreamland Publication
245
_a
The Big Pancake
260
_a
New Delhi
_b
Dreamland Publication
_c
2004
999
_c
2261
_d
2261